Dickens and the unreal city : searching for spiritual significance in nineteenth-century London /

Bibliografiske detaljer
Hovedforfatter: Smith, Karl Ashley, 1975-
Format: Bog
Sprog:English
Udgivet: Houndmills, Basingstoke, Hampshire ; New York : Palgrave Macmillan, 2008.
Fag:
Classic Catalogue: View this record in Classic Catalogue
LEADER 01948nam a2200313 a 4500
001 0017758
003 BD-DhAAL
008 090802s2008 enka b 001 0 eng d
010 |a  2008011811 
020 |a 9780230545236 
020 |a 0230545238 (alk. paper) 
040 |a DLC  |c DLC  |d DLC  |d BD-DhAAL 
082 0 0 |a 823.8  |2 22 
100 1 |a Smith, Karl Ashley,  |d 1975-  |9 58237 
245 1 0 |a Dickens and the unreal city :  |b searching for spiritual significance in nineteenth-century London /  |c Karl Ashley Smith. 
260 |a Houndmills, Basingstoke, Hampshire ;  |a New York :  |b Palgrave Macmillan,  |c 2008. 
300 |a ix, 244 p. :  |b col. ill. ;  |c 23 cm 
504 |a Includes bibliographical references (pages 236-240) and index. 
505 0 |a A revelation by which men are to guide themselves : Dickens and Christian theology -- The debilitated old house in the city : London as haunted house -- A great (and dirty) city : London's dirt and the terrors of obscurity -- Angel and Devil by turns : the detective figure in Bleak House -- A road of ashes : London's railways and the Providential timetable -- The secrets of the river : the Thames within London -- A dream of demon heads and savage eyes : the metropolitan crowd. 
526 |a ENH  |x Sohana Manzoor Faculty Member of BRAC University  
541 1 |e 00017758  |a Karim International 
600 1 0 |a Dickens, Charles,  |d 1812-1870  |x Knowledge  |x London (England)  |9 58238 
600 1 0 |a Dickens, Charles,  |d 1812-1870  |x Religion.  |9 58239 
600 1 0 |a Dickens, Charles,  |d 1812-1870  |x Symbolism.  |9 58240 
651 0 |a London (England)  |x In literature.  |9 58241 
852 4 |a Ayesha Abed Library  |c General Stacks 
942 |2 ddc  |c BK 
999 |c 3178  |d 3178 
952 |0 0  |1 4  |2 ddc  |4 0  |6 823_800000000000000_SMI  |7 0  |9 2881  |a BRACUL  |b BRACUL  |c GEN  |d 2009-08-30  |e Karim International  |g 4387.00  |l 0  |o 823.8 SMI  |p 3010017758  |r 2009-08-30  |t 1  |w 2009-08-30  |y BK  |x Koha Inventory 2020 ; Requisitioned by Sohana Manzoor (Faculty member of BRAC University).